000 00727nam a2200253Ia 4500
003 OSt
005 20221005082653.0
006 a|||||r|||| 00| 0
007 ta
008 221004b |||||||| |||| 00| 0 eng d
024 _a72967
037 _cTextual
040 _aCRL
_cCRL
_beng
041 _2eng
_aeng
082 _a2:51N3, M5;1
100 _aKaula P N
245 0 _aTreatise on colon Classification ( Appended with a select Bibliography on the schems)
260 _aNew Delhi
_bSterling Publishers India
_c1985
300 _a314p
_ccm.
490 _aKaula Series in Library Science,8
650 _aLIBRARY SCIENCE
942 _h2:51N3, M5;1
_cTEXL
_2cc
999 _c989688
_d989688